La Norvège pour les touristes... - Statistiques

Statistiques générales
  • Ce quiz a été pris 111 fois
  • Le résultat moyen est 11 sur 20
Statistiques - réponses
Question Indice Réponses % Correct
Le suffixe internet est no
100%
Quelle est la langue officielle ? Norvégien
100%
Quelles sont les principales villes touristiques ? O Oslo
96%
La conduite se fait à droite ou à gauche ? Droite
92%
Dans la capitale y-a-t-il un décalage horaire avec Paris ? (oui/non) Non
91%
La vitesse est limitée sur autoroutes à {100} km/h
77%
Quelles sont les principales villes touristiques ? B Bergen
70%
Quelles autres langues sont répandues ? A Anglais
68%
Quelle est la monnaie ? Couronne norvégienne
64%
Le taux d'alcoolémie toléré au volant est de {0.2} g/l
62%
Quelles sont les principales villes touristiques ? T Tromso
51%
Quels sites peut-on visiter ? L Les {Lofoten}
44%
Quelles sont les principales villes touristiques ? S Stavanger
42%
Achats à faire 2/ Une peau de... Renne
39%
Quelles sont les principales villes touristiques ? A Alesund
32%
Quels sites peut-on visiter ? S Iles du {Svalbard}
27%
Achats à faire 1/ Peigne à Myrtille
23%
Quelles autres langues sont répandues ? S Langues {Sames}
15%
La religion majoritaire est L Luthérianisme
12%
Achats à faire 3/ Confiture de... Multe
1%
Aucun quiz correspondant
Distribution des résultats
% des personnes avec chaque résultat
Percentile par nombre de réponses
Votre historique - résultats
Vous n’avez pas pris ce quiz